[Event "22nd Alekhine Master 2018"]
[Site "Voronezh"]
[Date "2018.06.18"]
[Round "6"]
[White "Chigaev, Maksim"]
[Black "Drygalov, Andrey"]
[Result "1-0"]
[WhiteElo "2577"]
[BlackElo "2435"]
[Annotator "TA"]
[PlyCount "97"]
[EventDate "2018.06.21"]
[EventType "swiss"]
[EventCountry "RUS"]
[SourceTitle "playchess.com"]
[Source "ChessBase"]
[SourceQuality "1"]

{[%evp 19,97,1,0,7,8,-13,-5,0,12,18,13,17,13,26,78,40,29,44,62,75,87,81,99,82,72,69,82,51,73,73,73,73,73,75,77,77,76,74,87,93,93,90,133,127,132,127,129,125,170,137,131,133,125,126,171,173,261,260,254,254,227,179,285,283,283,283,272,268,265,261,345,342,329,330,782,773,700,666,29971,29972]} 1. c4 e5 2. Nc3 Nf6 3. g3 d5 4. cxd5 Nxd5 5. Bg2 Nb6 6. d3 Be7 7. Be3 O-O 8. Rc1 Nc6 {A22: Englische Eröffnung} 9. Bxc6 bxc6 10. Nf3 Bd6 {LiveBook: 6 Partien. Die Stellung ist ausgeglichen.} 11. O-O f5 12. b4 Qe7 13. Bc5 Bxc5 14. bxc5 Qxc5 15. d4 exd4 16. Nxd4 {Schwarz sollte Scb5 verhindern.} Kh8 (16... Qd6 $11 {hält das Gleichgewicht.}) 17. Ncb5 $36 {[%mdl 2048] Schwarz steht unter Druck.} Qe5 18. Nxa7 $1 Bb7 (18... Rxa7 $2 19. Nxc6 Qe4 20. Nxa7 $18) 19. Naxc6 Qd5 20. Qb3 Rxa2 ({Nicht} 20... Qe4 $2 21. f3 $18) 21. Qxd5 Nxd5 22. Rfd1 {[#] Se6 ist eine echte Drohung.} Re8 23. e3 Ra6 24. Rc5 g6 25. Rxd5 Bxc6 26. Rc5 Be4 27. Rxc7 Rea8 28. h3 {[%cal Bh2h3,Bh3g4,Bg4g5][%mdl 32]} Ra1 29. Rcc1 Rxc1 30. Rxc1 $16 {[%mdl 4096] Endspiel KTL-KTS} Kg7 31. f3 Bd5 32. g4 fxg4 33. hxg4 Kf6 34. Rc5 Bf7 35. g5+ Kg7 36. Rc7 Kg8 37. Nc6 Ra3 (37... Ra2 $142 38. Ne5 Be6) 38. Kf2 $18 Rb3 39. Ne5 Be6 40. Rc6 Bf5 (40... Bh3 $142 41. Rc7 Rb5) 41. e4 Rb5 42. Nd3 ({Schwächer ist} 42. exf5 Rxe5 43. Rc8+ (43. fxg6 Rxg5 44. gxh7+ Kxh7 $14) 43... Kf7 $14) 42... Bd7 43. Rc7 Be6 44. Nc5 Ba2 45. Ke3 Bf7 46. Kf4 Kf8 $2 {[#]} (46... Rb4 47. Nd7 Kh8) 47. Nd7+ Kg8 48. Nf6+ Kg7 49. Ne8+ {Precision: Weiß = 83%, Schwarz = 45%.} 1-0

[Event "22nd Alekhine Master 2018"]
[Site "Voronezh"]
[Date "2018.06.18"]
[Round "6"]
[White "Belous, Vladimir"]
[Black "Bryakin, Mikhail"]
[Result "1-0"]
[WhiteElo "2555"]
[BlackElo "2407"]
[Annotator "TA"]
[PlyCount "33"]
[EventDate "2018.06.21"]
[EventType "swiss"]
[EventCountry "RUS"]
[SourceTitle "playchess.com"]
[Source "ChessBase"]
[SourceQuality "1"]

{[%evp 13,33,0,24,18,12,13,38,25,54,54,58,44,78,51,76,74,76,79,116,135,137,68]} 1. d4 d5 2. c4 c6 3. Nf3 Nf6 4. e3 Bf5 5. cxd5 cxd5 6. Nc3 Nc6 7. Ne5 Bd7 {LiveBook: 7 Games. D13: Slav Defence: Exchange variation without ...Bf5} 8. f4 e6 9. Bd3 a6 {The position is equal.} 10. O-O Bd6 11. g4 Rc8 12. Bd2 {[%cal Bc1d2,Bd2e1,Be1h4][%mdl 32]} b5 13. Qf3 g6 14. Be1 $36 {[%mdl 2048] Keeping Black busy.} h5 15. gxh5 gxh5 16. Bh4 Be7 17. Kh1 {Precision: White = 44%, Black = 33%.} (17. Bxf6 $16 Bxf6 18. Kh1) 1-0

[Event "22nd Alekhine Master 2018"]
[Site "Voronezh"]
[Date "2018.06.18"]
[Round "6"]
[White "Iljiushenok, Ilia"]
[Black "Sindarov, Javokhir"]
[Result "0-1"]
[WhiteElo "2530"]
[BlackElo "2449"]
[Annotator "TA"]
[PlyCount "102"]
[EventDate "2018.06.21"]
[EventType "swiss"]
[EventCountry "RUS"]
[SourceTitle "playchess.com"]
[Source "ChessBase"]
[SourceQuality "1"]

{[%evp 14,102,37,19,46,43,64,31,38,29,16,31,27,32,17,0,45,0,50,0,0,0,0,0,6,5,12,0,0,0,56,53,55,47,56,52,90,82,79,77,160,68,66,24,87,87,87,87,82,84,95,104,99,-8,-8,-8,-9,-10,-8,-8,-50,-60,-61,-60,0,-53,-53,-65,-84,-318,-114,-671,-660,-653,-558,-645,-637,-639,-588,-1851,-1188,-29972,-29973,-29973,-29974,-29972,-29975,-29974,-29975,-29970,-29970]} 1. d4 Nf6 2. c4 g6 3. Nc3 Bg7 4. e4 d6 5. Be2 O-O 6. Nf3 Bg4 7. Be3 Nfd7 8. h4 {LiveBook: 71 Games} h5 {E91: King's Indian: Classical: 6 Be2, unusual replies including 6...c5 and 6...Bg4} 9. Qd2 Na6 10. O-O-O c5 {White is slightly better.} 11. d5 Qa5 12. Bh6 Nc7 13. Bxg7 Kxg7 14. e5 b5 ({Not} 14... Nxe5 $2 15. Nxe5 Bxe2 16. Qxe2 $18) (14... Rae8 {feels hotter.} 15. exd6 exd6 16. Rhe1 a6 17. Ng5 Bxe2 18. Rxe2 b5) 15. exd6 (15. cxb5 {is interesting.} Rab8 16. Rhe1 dxe5 17. d6 exd6 18. Qxd6 Ne8 19. Qa6) 15... exd6 16. Nxb5 (16. cxb5 {with more complications.} a6 17. bxa6 Nxa6 18. a3 Nc7 19. Rhe1) 16... Qxd2+ 17. Nxd2 {Bxg4 is the strong threat.} Nxb5 18. Bxg4 hxg4 19. cxb5 {Black should prevent Nc4.} a6 $1 20. bxa6 Rxa6 21. a3 Ra4 (21... Ne5 $1 $11 22. Kc2 Ra4) 22. Rhe1 $14 Nf6 23. Nb1 Rf4 24. Re2 Nd7 25. g3 Rc4+ 26. Nc3 Ne5 ({Black should try} 26... Rb8) 27. Re4 ({Better is} 27. Kb1 $16) 27... Rb8 28. Rd2 f5 (28... Rb3 $1 $11 29. Rde2 Rb8) 29. Rxc4 $16 Nxc4 {[%mdl 4096] Endgame KRN-KRN} 30. Re2 Kf7 31. Nd1 Ne5 32. Ne3 Nd3+ {[#]} 33. Kb1 (33. Kc2 $1 $16 {[%cal Rc2d3]} Nxb2 34. Re1) 33... Re8 $1 $11 {aiming for ...Nxf2!} 34. Rc2 Nxf2 35. Nxf5 $1 gxf5 36. Rxf2 {KR-KR} Kf6 37. Kc2 Re3 {[%mdl 1024] Black has compensation.} 38. Rg2 Ke5 (38... f4 $1 $15 39. gxf4 Kf5) 39. h5 (39. Kd2 $11 Rf3 40. h5) 39... Ke4 $1 $15 40. h6 Kf3 $1 {[%cal Rf3g2]} 41. Rh2 $2 (41. Rg1 $17) 41... Re8 $2 (41... f4 $19 {has better winning chances.} 42. gxf4 g3) 42. Rh5 $2 {[%mdl 8192] [#]} (42. h7 $17 Rh8 43. Rh1) 42... f4 $1 $19 43. gxf4 g3 44. f5 g2 45. Rg5 Rh8 46. f6 Rxh6 47. Rf5+ Kg4 {Black mates.} 48. f7 g1=Q 49. f8=Q Rh2+ 50. Kb3 Qd1+ 51. Ka2 Qd4 {Precision: White = 43%, Black = 68%.} 0-1

[Event "22nd Alekhine Master 2018"]
[Site "Voronezh"]
[Date "2018.06.18"]
[Round "6"]
[White "Matinian, Nikita"]
[Black "Kokarev, Dmitry"]
[Result "0-1"]
[WhiteElo "2496"]
[BlackElo "2603"]
[Annotator "TA"]
[PlyCount "27"]
[EventDate "2018.06.21"]
[EventType "swiss"]
[EventCountry "RUS"]
[SourceTitle "playchess.com"]
[Source "ChessBase"]
[SourceQuality "1"]

{[%evp 17,27,0,14,0,0,6,14,-6,0,6,0,0]} 1. e4 c5 2. Nf3 d6 3. d4 cxd4 4. Nxd4 Nf6 5. Nc3 a6 6. h3 b5 {[%cal Bb7b5,Bb5b4][%mdl 32]} 7. a4 {B90: Sicilian Najdorf: Unusual White 6th moves, 6 Be3 Ng4 and 6 Be3 e5} b4 8. Nd5 e6 9. Nxf6+ Qxf6 {LiveBook: 3 Games. The position is equal.} 10. g4 Bb7 11. Bg2 $1 Nd7 12. O-O Qd8 13. Bd2 Qb6 14. c3 {[%mdl 32768] Loss on Time!?} 0-1

[Event "22nd Alekhine Master 2018"]
[Site "Voronezh"]
[Date "2018.06.18"]
[Round "6"]
[White "Afanasiev, Nikita"]
[Black "Kryakvin, Dmitry"]
[Result "1/2-1/2"]
[WhiteElo "2460"]
[BlackElo "2592"]
[Annotator "TA"]
[PlyCount "103"]
[EventDate "2018.06.21"]
[EventType "swiss"]
[EventCountry "RUS"]
[SourceTitle "playchess.com"]
[Source "ChessBase"]
[SourceQuality "1"]

{[%evp 18,103,9,9,8,0,0,0,7,0,8,-7,0,-7,0,0,0,0,0,0,0,0,0,-14,-18,-14,-16,-13,0,0,0,0,0,0,0,0,0,0,0,0,0,0,0,0,0,0,0,0,0,0,0,0,0,0,0,0,0,0,0,0,0,0,0,0,0,0,0,0,0,0,0,0,0,0,0,0,0,0,0,0,0,0,0,0,0,0,0,0]} 1. d4 d5 2. Bf4 c5 3. e3 cxd4 4. exd4 Nc6 5. c3 Bf5 6. Nf3 {B13: Caro-Kann: Exchange Variation and Panov-Botvinnik Attack} e6 7. Nbd2 Bd6 8. Bxd6 Qxd6 9. Be2 Nf6 10. O-O {LiveBook: 4 Games. The position is equal.} h6 11. a4 O-O 12. Re1 Rab8 13. h3 Qc7 14. Nf1 Ne4 15. Ne3 Bh7 16. Bd3 Kh8 17. Qe2 a6 18. Rec1 Rfc8 19. Nf1 Na5 {White must now prevent ...Nb3.} 20. N1d2 (20. Bxe4 {is more complex.} Bxe4 21. N3d2 Bg6 22. Ne3 Nc6 23. b4) 20... Nxd2 21. Nxd2 Bxd3 22. Qxd3 b5 23. axb5 axb5 24. b4 Nc4 25. Nb3 Ra8 26. Qe2 Qc6 27. Nc5 g6 28. h4 Rxa1 29. Rxa1 Ra8 30. Qe1 Kg7 31. Nd3 h5 32. Nc5 Kh7 33. Qc1 Kg7 34. Qe1 Kg8 35. Qc1 Qc8 36. g3 Kg7 37. Kh2 Rxa1 38. Qxa1 e5 39. dxe5 Qf5 40. Qe1 Nxe5 {[#] And now ...Nf3+ would win.} 41. Kg2 $1 g5 42. hxg5 h4 43. gxh4 {Threatens to win with Qe3.} Qg4+ 44. Kf1 Qh3+ 45. Ke2 Qg4+ 46. Kf1 Qh3+ 47. Ke2 Qxh4 48. Qd2 Qg4+ 49. Kf1 Qh3+ 50. Ke2 {[#] aiming for Qd4.} Qh5+ 51. Kf1 {Hoping for Qd4.} Qh3+ 52. Ke2 {Precision: White = 84%, Black = 78%.} 1/2-1/2

[Event "22nd Alekhine Master 2018"]
[Site "Voronezh"]
[Date "2018.06.18"]
[Round "6"]
[White "Ulko, Jaroslav"]
[Black "Timofeev, Artyom"]
[Result "1/2-1/2"]
[WhiteElo "2442"]
[BlackElo "2583"]
[Annotator "TA"]
[PlyCount "33"]
[EventDate "2018.06.21"]
[EventType "swiss"]
[EventCountry "RUS"]
[SourceTitle "playchess.com"]
[Source "ChessBase"]
[SourceQuality "1"]

{[%evp 19,33,0,5,-2,6,-7,-9,-18,-20,-25,-21,-10,-9,-19,-13,-8]} 1. d4 d5 2. c4 e6 3. Nf3 Nf6 4. e3 Be7 5. b3 O-O 6. Bd3 c5 7. O-O cxd4 8. exd4 b6 9. Bb2 Bb7 10. Nbd2 Ne4 {LiveBook: 10 Partien. E14: Damenindisch (Zentralsystem)} 11. Qc2 {[%cal Rd2e4]} Nxd2 12. Nxd2 h6 13. a3 Nd7 14. f4 Rc8 15. f5 {Die Stellung ist ausgeglichen.} exf5 16. Bxf5 Rc7 17. Nf3 1/2-1/2

[Event "22nd Alekhine Master 2018"]
[Site "Voronezh"]
[Date "2018.06.18"]
[Round "6"]
[White "Dzhumaev, Marat"]
[Black "Pridorozhni, Aleksei"]
[Result "1/2-1/2"]
[WhiteElo "2434"]
[BlackElo "2589"]
[Annotator "TA"]
[PlyCount "57"]
[EventDate "2018.06.21"]
[EventType "swiss"]
[EventCountry "RUS"]
[SourceTitle "playchess.com"]
[Source "ChessBase"]
[SourceQuality "1"]

{[%evp 16,57,88,14,70,47,57,60,60,65,54,45,49,35,32,0,0,-80,0,0,0,-105,-97,-102,-104,-87,-42,-237,-229,-212,-202,-246,-207,-232,-220,-216,0,0,0,-193,0,0,0,-85]} 1. e4 c5 2. Nf3 e6 3. d4 cxd4 4. Nxd4 a6 5. Bd3 b5 6. O-O Qb6 {B42: Sicilian: Kan Variation: 5 Bd3} 7. Nf3 Bb7 8. Qe2 Nc6 9. Nc3 {LiveBook: 4 Games} ({White should play} 9. a4 $16) 9... Nge7 (9... Qc7 $11) 10. a4 {[%cal Ra4b5]} b4 11. a5 Nxa5 12. Na4 Qc7 13. Be3 {Strongly threatening Bb6.} Nc8 14. Ng5 h6 15. Nxf7 Kxf7 16. f4 (16. Nb6 $11 {remains equal.} Nxb6 17. Qh5+ Kf6 18. Qxa5 (18. Rxa5 Nc8 $11)) 16... h5 (16... Kg8 $17 {aiming for ...Nc6.} 17. f5 Nc6 18. fxe6 Ne5 19. exd7 (19. Qf2 Kh7 $17) 19... Qxd7) 17. f5 $11 {Threatens to win with fxe6+.} e5 $1 {[#]} 18. b3 {[#]} (18. f6 $1 $11 {[%mdl 512] keeps the balance.} g6 (18... gxf6 19. Qf2) 19. b3) 18... Be7 $1 $17 19. Qf2 {[#]} Nc6 $1 20. Bc4+ Ke8 21. Nb6 $2 (21. Rad1 $1 $15) 21... Nxb6 $19 22. Bxb6 Qd6 23. f6 Bxf6 24. Bc5 Qc7 25. Bb6 Qd6 26. Bc5 $36 {[%mdl 2048] Black is under pressure.} Qc7 27. Bb6 Qd6 (27... Qc8 $19 {White must now prevent ...Ne7.} 28. Rad1 h4) 28. Bc5 $17 Qc7 {...Nd4 is the strong threat.} 29. Bb6 {Precision: White = 42%, Black = 68%.} 1/2-1/2

[Event "22nd Alekhine Master 2018"]
[Site "Voronezh"]
[Date "2018.06.18"]
[Round "6"]
[White "Drygalov, Sergey"]
[Black "Bocharov, Dmitry"]
[Result "0-1"]
[WhiteElo "2428"]
[BlackElo "2576"]
[Annotator "TA"]
[PlyCount "28"]
[EventDate "2018.06.21"]
[EventType "swiss"]
[EventCountry "RUS"]
[SourceTitle "playchess.com"]
[Source "ChessBase"]
[SourceQuality "1"]

{[%evp 20,28,33,0,90,104,100,70,89,35,31]} 1. e4 c5 2. Nf3 e6 3. d4 cxd4 4. Nxd4 a6 5. c4 Nf6 6. Nc3 Qc7 7. a3 Nxe4 {B41: Sizilianisch (Paulsen-Variante)} 8. Nxe4 Qe5 9. Bd3 Qxd4 10. O-O Nc6 11. Be3 {[%mdl 1024] LiveBook: 5 Partien. Weiss hat Kompensation.} Qe5 (11... Qxb2 $11 {hält das Gleichgewicht.} 12. Bd2 d5) 12. f4 $16 Qc7 13. Qh5 d6 14. Rac1 ({Lieber} 14. Rad1 $16) 14... Qd8 {[%mdl 32768] Loss on Time!?} 0-1

[Event "22nd Alekhine Master 2018"]
[Site "Voronezh"]
[Date "2018.06.18"]
[Round "6"]
[White "Faizrakhmanov, Ramil"]
[Black "Maiorov, Nikita"]
[Result "1/2-1/2"]
[WhiteElo "2388"]
[BlackElo "2533"]
[Annotator "TA"]
[PlyCount "31"]
[EventDate "2018.06.21"]
[EventType "swiss"]
[EventCountry "RUS"]
[SourceTitle "playchess.com"]
[Source "ChessBase"]
[SourceQuality "1"]

{[%evp 18,31,21,12,29,28,25,26,24,23,39,36,36,36,33,32]} 1. d4 Nf6 2. c4 e6 3. Nf3 b6 4. g3 Bb7 5. Bg2 Be7 6. O-O O-O 7. Nc3 Ne4 8. Bd2 Nxd2 9. Qxd2 d6 10. Qc2 {LiveBook: 6 Games. Threatens to win with Ng5! E18: Queen's Indian: Old Main Line (4 g3 Bb7 5 Bg2 Be7 6 0-0 0-0 7 Nc3)} Qc8 11. e4 Nd7 12. d5 {White has an edge.} e5 13. b4 Bf6 14. Nd2 {White is slightly better.} a5 15. a3 Qd8 16. Nb3 1/2-1/2

[Event "22nd Alekhine Master 2018"]
[Site "Voronezh"]
[Date "2018.06.18"]
[Round "6"]
[White "Gubajdullin, Alexei"]
[Black "Stukopin, Andrey"]
[Result "0-1"]
[WhiteElo "2375"]
[BlackElo "2589"]
[Annotator "TA"]
[PlyCount "100"]
[EventDate "2018.06.21"]
[EventType "swiss"]
[EventCountry "RUS"]
[SourceTitle "playchess.com"]
[Source "ChessBase"]
[SourceQuality "1"]

{[%evp 9,100,-8,-2,0,20,22,19,-8,22,17,16,11,8,10,15,4,24,18,12,-23,-22,-29,-25,-20,-18,-23,-37,-41,-26,-91,-93,-91,-93,-85,-93,-88,-95,-106,-93,-103,-106,-127,-141,-141,0,-25,-37,-68,-61,-68,-68,-37,-68,-58,-7,-11,-26,-26,-30,-488,-488,-629,-629,-621,-614,-593,-592,-566,-564,-1867,-1047,-1367,-834,-741,-719,-1484,-1029,-906,-860,-12806,-5177,-6456,-11889,-29991,-5748,-5514,-2487,-1206,-884,-2022,-1911,-29969,-12835]} 1. Nf3 c5 2. b3 d6 3. c4 e5 4. Nc3 f5 5. d3 Nc6 6. g3 {A04: Unusual lines after 1 Nf3 and King's Indian Attack} Be7 7. Bg2 Nf6 8. Bg5 {The position is equal.} Ng4 9. Bd2 O-O 10. O-O Qe8 11. Nd5 {Nc7 is the strong threat.} Bd8 12. e3 Ne7 13. Nxe7+ Bxe7 14. b4 e4 15. Ne1 $1 Bf6 16. Rb1 b6 ({Avoid the trap} 16... Qh5 $2 17. h3 $18) 17. f3 exf3 18. Qxf3 Rb8 (18... Qh5 $2 19. Qd5+ Rf7 20. h3 $18) 19. b5 (19. Qe2 $11) 19... Bg5 $36 {[%mdl 2048] Black is on the roll.} 20. Nc2 Bb7 21. Qe2 Bxg2 22. Kxg2 Qh5 23. Kh1 Rbe8 24. Qg2 Kh8 ({But not} 24... Nxe3 25. Bxe3 Bxe3 26. Qd5+ Kh8 27. Rbe1 $15) 25. Rbe1 {[#]} Ne5 $1 26. Bc3 Ng4 ({Black should play} 26... Nxd3 $17 27. Rd1 Ne5 28. Bxe5 dxe5) 27. Re2 Bxe3 28. Rfe1 {[%cal Rc2e3]} Bg5 $1 29. Rxe8 Rxe8 30. Rxe8+ Qxe8 31. h3 Ne5 (31... Nh6 $1 $15) 32. Bxe5 $1 $11 dxe5 {[%cal Bd6e5,Be5e4][%mdl 32]} 33. Qc6 {[%cal Rc6e8] [#]} Qd8 {Threatens to win with ...e4.} 34. Qe6 $2 {[%mdl 8192]} (34. h4 $1 $11 Bf6 35. Kg2) 34... e4 $1 $19 {[%cal Re4d3]} 35. d4 cxd4 36. Nxd4 Be3 37. Qxf5 Bxd4 38. Qxe4 Bc5 39. h4 h6 40. Kg2 Qe7 41. Qa8+ Kh7 42. Qd5 g6 43. Qf3 h5 44. a4 Qe3 (44... Qe6 $142 45. Qd3 Qe1) 45. Qf7+ Kh6 {( -> ...Qg1+)} 46. Qf6 Qd4 (46... Qg1+ $142 47. Kf3 Qf2+ 48. Ke4 Qxf6 49. Kd3 Qb2 50. a5 bxa5 51. b6 axb6 52. g4 hxg4 53. h5 Kxh5 54. Ke4 Qd4#) 47. Qf1 Qe4+ 48. Kh2 Qc2+ 49. Kh1 Qf2 50. Qc1+ Be3 {Precision: White = 35%, Black = 67%.} (50... Kh7 $142 51. a5 bxa5 52. Qa1 Qxg3 53. Qf1 Kg8 54. b6 Qxh4+ 55. Kg2 Qg4+ 56. Kh1 axb6 57. Qg2 Qh4+ 58. Qh2 Qe1+ 59. Kg2 Qe2+ 60. Kh1 Qf1+ 61. Qg1 Qxg1#) 0-1

[Event "22nd Alekhine Master 2018"]
[Site "Voronezh"]
[Date "2018.06.19"]
[Round "7"]
[White "Ponkratov, Pavel"]
[Black "Kabanov, Nikolai"]
[Result "1/2-1/2"]
[WhiteElo "2622"]
[BlackElo "2468"]
[Annotator "TA"]
[PlyCount "30"]
[EventDate "2018.06.21"]
[EventType "swiss"]
[EventCountry "RUS"]
[SourceTitle "playchess.com"]
[Source "ChessBase"]
[SourceQuality "1"]

{[%evp 13,30,0,0,7,47,39,66,56,56,62,51,60,89,75,83,83,128,120,135]} 1. e4 c6 2. d4 d5 3. e5 Bf5 4. g4 Bd7 5. c4 h5 (5... e6 6. Nc3 Ne7 7. Nf3 h5 8. gxh5 Rxh5 9. Ng5 Rh4 10. Bd3 dxc4 11. Qf3 Nf5 12. Bxf5 exf5 13. d5 {0-1 (34) Ponkratov,P (2605)-Kamsky,G (2741) Khanty-Mansiysk 2013}) 6. gxh5 {B12: Caro-Kann: Advance Variation} Bf5 7. Nc3 e6 {LiveBook: 3 Games} 8. Nge2 {The position is equal.} dxc4 $146 ({Predecessor:} 8... Bg4 9. Qb3 Qb6 10. Ng3 Ne7 11. Qxb6 axb6 12. cxd5 Nxd5 13. Nxd5 cxd5 {½-½ (21) Kozionov,K (2452)-Airapetian,G (2437) Sochi 2018}) 9. Ng3 Bd3 10. Bxd3 cxd3 11. Qxd3 Nd7 12. Qe2 Qh4 13. Be3 {White is better.} O-O-O {[#]} 14. O-O-O $1 f5 15. Qc4 Re8 1/2-1/2

[Event "22nd Alekhine Master 2018"]
[Site "Voronezh"]
[Date "2018.06.19"]
[Round "7"]
[White "Kokarev, Dmitry"]
[Black "Sindarov, Javokhir"]
[Result "*"]
[WhiteElo "2603"]
[BlackElo "2449"]
[Annotator "TA"]
[PlyCount "32"]
[EventDate "2018.06.21"]
[EventType "swiss"]
[EventCountry "RUS"]
[SourceTitle "playchess.com"]
[Source "ChessBase"]
[SourceQuality "1"]

{[%evp 21,32,6,8,4,20,23,16,16,16,15,16,18,31]} 1. e4 e5 2. Nf3 Nc6 3. Bb5 a6 4. Ba4 Nf6 {[%cal Bg8f6,Bf6d7,Bd7c5][%mdl 32]} 5. O-O Be7 6. Bxc6 dxc6 7. d3 Nd7 8. Nbd2 O-O 9. Nc4 f6 10. Nh4 Nc5 11. Nf5 Ne6 {LiveBook: 25 Games. C85: Closed Ruy Lopez: Deferred Exchange Variation} (11... Bxf5 12. exf5 Re8 13. Qg4 Qd7 14. Re1 b5 15. Bh6 Bf8 16. Nd2 Qd4 17. Qxd4 exd4 18. Bf4 Na4 19. Nf3 Rxe1+ 20. Rxe1 {½-½ (74) Jovanovic,Z (2533)-Bosiocic,M (2610) Valpovo 2017}) 12. a4 c5 13. Qg4 $146 ({Predecessor:} 13. a5 Rb8 14. Nce3 Qe8 15. Bd2 Rf7 16. h4 Bf8 17. Qg4 Kh8 18. h5 Nf4 19. g3 {1-0 (30) Humburg,P (2186)-Wallner,D (2145) Graz 2015}) 13... Kh8 14. f4 {The position is equal.} exf4 15. Bxf4 Rf7 16. Nxe7 Rxe7 *

[Event "22nd Alekhine Master 2018"]
[Site "Voronezh"]
[Date "2018.06.19"]
[Round "7"]
[White "Kryakvin, Dmitry"]
[Black "Ulko, Jaroslav"]
[Result "*"]
[WhiteElo "2592"]
[BlackElo "2442"]
[Annotator "TA"]
[PlyCount "20"]
[EventDate "2018.06.21"]
[EventType "swiss"]
[EventCountry "RUS"]
[SourceTitle "playchess.com"]
[Source "ChessBase"]
[SourceQuality "1"]

{[%evp 9,20,8,11,0,0,14,25,12,20,22,28,27,39]} 1. d4 Nf6 2. Bg5 d5 3. e3 e6 4. c4 c5 (4... h6 5. Bh4 c5 6. Nc3 cxd4 7. exd4 Be7 8. Nf3 O-O 9. Bd3 dxc4 10. Bxc4 Nc6 11. O-O Bd7 {1-0 (62) Nakamura,H (2779)-Topalov,V (2760) Saint Louis 2016}) 5. dxc5 Bxc5 6. Nc3 {D00: 1 d4 d5: Unusual lines} d4 7. exd4 Bxd4 8. Qd2 h6 {[#] ...Bxc3 is the strong threat.} 9. Bh4 Nc6 $146 ({Predecessor:} 9... Bb6 10. Bd3 Nc6 11. Nf3 Nb4 12. Rd1 Nxd3+ 13. Qxd3 Qxd3 14. Rxd3 {0-1 (36) Einwiller,D (2205)-Ginsburg,G (2470) Deizisau 1998}) 10. Nf3 e5 *

[Event "22nd Alekhine Master 2018"]
[Site "Voronezh"]
[Date "2018.06.19"]
[Round "7"]
[White "Pridorozhni, Aleksei"]
[Black "Makarian, Rudik"]
[Result "1/2-1/2"]
[WhiteElo "2589"]
[BlackElo "2343"]
[Annotator "TA"]
[PlyCount "80"]
[EventDate "2018.06.21"]
[EventType "swiss"]
[EventCountry "RUS"]
[SourceTitle "playchess.com"]
[Source "ChessBase"]
[SourceQuality "1"]

{[%evp 16,80,16,7,7,0,33,15,8,17,17,17,12,3,10,4,28,6,2,6,29,11,16,18,35,16,24,24,24,25,22,18,26,17,18,19,25,11,41,34,39,34,34,34,33,28,42,25,31,25,31,0,0,0,0,0,0,0,0,0,0,0,0,0,0,0,0]} 1. e4 c5 2. Nf3 e6 3. b3 b6 4. Bd3 (4. Bb2 Bb7 5. Bd3 Nc6 6. a3 Nf6 7. O-O d6 8. Re1 Be7 9. Bf1 O-O 10. d3 Nd7 11. Nbd2 Bf6 12. Bxf6 Nxf6 {1-0 (29) Kasimdzhanov,R (2683)-Ganguly,S (2650) Riadh 2017}) 4... Bb7 5. O-O d6 6. Re1 {B40: Sizilianisch (Klassisches System mit e7-e6)} Nd7 7. Bb2 Ngf6 8. c3 Be7 9. Bc2 {LiveBook: 4 Partien} O-O 10. d4 cxd4 11. cxd4 d5 {[%cal Rf6e4]} 12. e5 $146 Ne4 13. Nfd2 {[%cal Rd2e4]} f5 14. f3 Nxd2 15. Qxd2 Ba6 16. Bd3 Bxd3 17. Qxd3 Qc8 18. Nc3 a6 19. Ne2 Re8 20. Bc1 Nf8 21. Bd2 Qb7 22. g3 Rec8 23. h4 b5 24. Kg2 b4 25. Rec1 a5 26. Kh3 g6 27. Kg2 Kf7 28. Kf2 Rxc1 29. Rxc1 Rc8 $1 30. Rxc8 Qxc8 31. Ke1 Qc6 32. Kd1 Nd7 {[#]} 33. h5 $1 {[%mdl 512]} Nb8 {Die Stellung ist ausgeglichen.} (33... gxh5 34. Qe3) 34. hxg6+ hxg6 35. Qe3 {Droht stark Dh6.} g5 36. Qd3 Qa6 37. Kc2 Qxd3+ 38. Kxd3 Nc6 39. Kc2 Kg6 40. Kd3 Bd8 {Precision: Weiß = 44%, Schwarz = 69%.} 1/2-1/2

[Event "22nd Alekhine Master 2018"]
[Site "Voronezh"]
[Date "2018.06.19"]
[Round "7"]
[White "Stukopin, Andrey"]
[Black "Maghsoodloo, Parham"]
[Result "*"]
[WhiteElo "2589"]
[BlackElo "2638"]
[Annotator "TA"]
[PlyCount "24"]
[EventDate "2018.06.21"]
[EventType "swiss"]
[EventCountry "RUS"]
[SourceTitle "playchess.com"]
[Source "ChessBase"]
[SourceQuality "1"]

{[%evp 15,20,75,72,76,70,69,68]} 1. e4 c5 2. Nf3 d6 3. Bb5+ Nc6 4. O-O Nf6 5. e5 dxe5 6. Nxe5 {B51: Sizilianisch (Rossolimo-Variante)} Bd7 7. Bxc6 Bxc6 8. Nxc6 bxc6 {LiveBook: 3 Partien} 9. d3 e6 10. Nd2 Be7 {Vorgänger:} 11. Nf3 $146 O-O 12. b3 Nd5 {1-0 (52) Scholvin,B (1957)-Selker,M (1838) Rotenburg 2000} *